| 000 | 00710nam a2200217 i 4500 | ||
|---|---|---|---|
| 001 | 76217 | ||
| 003 | ES-MaACL | ||
| 005 | 20250809063505.0 | ||
| 007 | t| | ||
| 008 | 040929s1976 sp |||| | spa d | ||
| 100 | 1 |
_aGuénon, René, _d1886-1951 _960441 |
|
| 245 | 1 | 3 |
_aEl reino de la cantidad y los signos de los tiempos / _cRené Guénon ; traducción de Ramón García Fernández. |
| 260 |
_a[Madrid] : _bAyuso, _c[1976] |
||
| 300 |
_a283 p. ; _c21 cm. |
||
| 650 |
_aCiencia- _xFilosofía. _910950 |
||
| 650 | 0 | 4 |
_aCivilización- _yS.XX. _911085 |
| 650 | 4 |
_aReligión- _xFilosofía _916799 |
|
| 700 | 1 |
_aGarcía Fernández, Ramón. _954602 |
|
| 852 |
_aES-MaACL _jA-5855 |
||
| 999 |
_c76217 _d76217 |
||